Open Data Biblioteca Nacional de Portugal


República Portuguesa: Ministério da Cultura
Biblioteca Nacional de Portugal

Catálogo da BNP: acesso por Identificadores Unívocos
Registos Bibliográficos associados ao registo de autoridade

Etiqueta de registo: 00230nam 2200025 450
001 2126322
003 http://id.bnportugal.gov.pt/bib/catbnp/2126322
010 ## $a978-972-588-360-0
021 ## $aPT$b507401/22
100 ## $a20230314d2022 m y0pory01030103ba
101 0# $apor$aeng
102 ## $aPT
105 ## $aa z 000yy
106 ## $ar
200 1# $a Um mar de tradições$ehistória, arte e devoção - a Ribeira de Viana$d A sea of traditions$ehistory, art and devotion - a Ribeira de Viana $fcoord. Luís Nobre$gÁlvaro Campelo$gfot. Álvaro Campelo, Tiago Pereira$zeng
210 #9 $a[S.l.$cs.n.],$d2022$g(Logotiparia)
215 ## $a195, [1] p.$cil.$d20 cm
510 1# $a A sea of traditions$ehistory, art and devotion - a Ribeira de Viana$zeng
675 ## $a39(469.111)(083.82)$vBN$zpor$31239573
675 ## $a639.2(469.111)(083.82)$vBN$zpor$31875940
702 #1 $94$aNobre,$bLuís$4340$31876170
702 #1 $92$aCampelo,$bÁlvaro$4070$31333889
702 #1 $aPereira,$bTiago$4600$31313293
801 #0 $aPT$bBN$gRPC
856 41 $uhttp://rnod.bnportugal.gov.pt/ImagesBN/winlibimg.aspx?skey=&doc=2126322&img=176170&save=true
900 ## $aBIBNAC$d20230419
966 ## $lBN$mFGMON$sS.C. 45844 P.$x1
966 ## $lBN$mFGMON$sS.C. 45844 P.-D$x1
971 ## $ccsilva$d20230314
972 ## $e2$z0$d20230419$viquintas
973 ## $canasil$d20230315

Etiqueta de registo: 00000nam 2200025 450
001 2131017
003 http://id.bnportugal.gov.pt/bib/catbnp/2131017
010 ## $a978-989-54795-2-8
021 ## $aPT$b510157/23
100 ## $a20230510d2023 m y0pory01030103ba
101 0# $apor
102 ## $aPT
105 ## $aa b 000yy
106 ## $ar
200 1# $aViagem de fé$epescadores portugueses, homens de fé, de olhos postos na proteção da Virgem Maria$fJoão David Batel Marques, Manuel Domingos, Salvador de Sousa$fapresentação Luís Nobre
210 #9 $aViana do Castelo$cFundação Gil Eannes,$d2023
215 ## $a51, [5] p.$cil.$d22 cm
675 ## $a069.5(469.111)$vBN$zpor$31043850
675 ## $a272-53(=1:469)(71)"1955"(083.82)$vBN$zpor$31881497
675 ## $a394.5(=1:469)(083.82)$vBN$zpor$31881498
700 #1 $aMarques,$bJoão David Batel,$f1953-$31719627
701 #1 $aDomingos,$bManuel,$f1941-$4070$31191177
701 #1 $aSousa,$bSalvador de,$f1955-$4070$31688155
702 #1 $94$aNobre,$bLuís$4080$31876170
801 #0 $aPT$bBN$gRPC
856 41 $uhttp://rnod.bnportugal.gov.pt/ImagesBN/winlibimg.aspx?skey=&doc=2131017&img=178577&save=true
900 ## $aBIBNAC$d20230530
966 ## $lBN$mFGMON$sP. 62578 V.$x1
966 ## $lBN$mFGMON$sP. 62578 V.-D$x1
971 ## $ccsilva$d20230510
972 ## $e0$z0$d20230530$vasantos
973 ## $canasil$d20230511
974 ## $d20230511$e0$vaalmeid

Etiqueta de registo: 00254nam 2200025 450
001 2284186
003 http://id.bnportugal.gov.pt/bib/catbnp/2284186
010 ## $a978-972-588-362-4
021 ## $aPT$b515655/23
100 ## $a20260413d2023 m d0pory01030103ba
101 0# $apor$aeng
102 ## $aPT
105 ## $aa b 000yy
106 ## $ar
200 1# $aViana$e uma vocação marítima$ena rota do Oriente$dViana$e the call of the sea$eon the route to the Orient$fMensagem Luís Nobre$gorg. Câmara Municipal de Viana do Castelo$gcoord. Salomé Abreu$gtextos Henrique Costa, Ricardo Rodrigues, Regina Pereira$gtrad. Anabela Reis Alves$zeng
210 #9 $aViana do Castelo$cCâmara Municipal de Viana do Castelo$cMuseu de Artes Decorativas de Viana do Castelo,$d2023
215 ## $a125, [2] p.$cil.$d29 cm
305 ## $aEd. bilingue em português e inglês
510 1# $aViana$e the call of the sea$eon the route to the Orient$zeng
675 ## $a069.5(469.111)$vBN$zpor$31043850
675 ## $a73/75.04(469.111)"14/19"(042)$vBN$zpor$31996941
675 ## $a73/75.04(469.111)"14/19"(083.82)$vBN$zpor$31996940
702 #1 $94$aNobre,$bLuís$4080$31876170
702 #1 $aRodrigues,$bRicardo,$f1976-$4070$31306739
702 #1 $92$aPereira,$bRegina$4070$31909278
702 #1 $aAlves,$bAnabela Reis$4730$31310303
702 #1 $aCosta,$bHenrique$4070$3156462
702 #1 $aSalomé,$bAbreu$4340$31227939
712 01 $aViana do Castelo.$bCâmara Municipal$4273$320576
801 #0 $aPT$bBN$gRPC
856 41 $uhttp://rnod.bnportugal.gov.pt/ImagesBN/winlibimg.aspx?skey=&doc=2284186&img=221829&save=true
900 ## $aBIBNAC$d20260507
966 ## $lBN$mFGMON$sP. 72651 V.$x1
966 ## $lBN$mFGMON$sP. 72651 V.-D$x1
971 ## $cabrito$d20260413
972 ## $e0$z0$d20260507$vasantos
973 ## $ctrodrigues$d20260427
975 ## $e0$d20260508$viquintas

OpendataBNP@bnportugal.pt | Mais informação sobre acesso aos dados BNP